000 00817nam a2200253 a 4500
001 BRCA_7998
005 20190320210104.0
008 140314t1969----u--a###f##---#000-0#eng-#
041 _aeng
044 _au
050 4 _aNK4670
_b.F941 1969
100 1 _aFrothingham, Alice Wilson
_919856
245 1 0 _aTile panels of Spain 1500-1650
_cAlice Wilson Frothingham.
260 _aNueva York
_bThe Hispanic Society of America
_c1969
300 _aXV, 106 p.
_bil. (algunas a color), 178 láminas
_c26 cm.
500 _aDedicatoria de la autora al señor Franz Mayer
500 _aEjemplar igual a 3035
500 _a3108
650 1 4 _aAzulejos españoles
_y1500-1650
_919677
650 1 4 _aCerámica
_vHistoria
_zEspaña
_919678
650 1 4 _aCerámica
_vDecoración
_zEspaña
_919679
902 _aGFM
942 _2lcc
_cB
999 _c7667
_d7667